| 000 | 00524nam a2200145 4500 | ||
|---|---|---|---|
| 008 | s2011 ti ara u | ||
| 040 | _aLB-BrCRDP | ||
| 082 | 1 |
_a371.3 _bدلي |
|
| 100 | 1 | _aالعبدالله, د.لطوف | |
| 245 | 1 | 0 |
_aدليل البحث التربوي _cد.لطوف العبدالله |
| 260 |
_aTunisie _bالمنظمة العربية للتربية والثقافة والعلوم _c2011 |
||
| 490 | 0 | _aإدارة التربية | |
| 942 | _cBK | ||
| 999 |
_c10435 _d10435 |
||